[Event "Condom op 10th"]
[Site "Condom"]
[Date "2010.??.??"]
[Round "3.1"]
[White "Houard, Yannick"]
[Black "Hamdouchi, Hicham"]
[Result "0-1"]
[WhiteElo "2238"]
[BlackElo "2600"]
[PlyCount "104"]
[EventDate "2010.07.??"]
[EventType "swiss"]
[EventRounds "9"]
[EventCountry "FRA"]
[WhiteTeamCountry "FRA"]
[BlackTeamCountry "FRA"]

1. e4 c5 2. Nf3 Nc6 3. d4 cxd4 4. Nxd4 Qb6 5. Nb3 Nf6 6. Nc3 e6 7. Bd3 a6 8. f4
d6 9. Qf3 Qc7 10. O-O b5 11. a3 Bb7 12. Be3 Be7 13. Kh1 O-O 14. Rae1 b4 15.
axb4 Nxb4 16. Qg3 Rfe8 17. Bd4 g6 18. f5 e5 19. Be3 Rac8 20. Bg5 Nh5 21. Qh4
Bxg5 22. Qxg5 Qd8 23. Qh6 Nxd3 24. cxd3 Rc7 25. Nd2 Nf6 26. Qg5 Kg7 27. fxg6
hxg6 28. Nf3 Nh5 29. Qxd8 Rxd8 30. d4 exd4 31. Nxd4 Nf6 32. Nf3 Re8 33. e5 dxe5
34. Nxe5 Rce7 35. Nd3 Ne4 36. Kg1 Nxc3 37. bxc3 Rxe1 38. Rxe1 Rxe1+ 39. Nxe1
Kf6 40. Nd3 a5 41. Kf2 a4 42. Nb4 a3 43. Nc2 a2 44. g3 Kf5 45. Ke3 Kg4 46. c4
Kh3 47. Kf4 f5 48. Kg5 Kxh2 49. g4 fxg4 50. Kxg4 Kg2 51. Na1 Kf2 52. Nb3 Ke1
0-1

[Event "Condom op 10th"]
[Site "Condom"]
[Date "2010.??.??"]
[Round "3.8"]
[White "Houriez, Clement"]
[Black "Le Gallen, Luc"]
[Result "1/2-1/2"]
[WhiteElo "2259"]
[BlackElo "2012"]
[PlyCount "55"]
[EventDate "2010.07.??"]
[EventType "swiss"]
[EventRounds "9"]
[EventCountry "FRA"]
[WhiteTeamCountry "FRA"]
[BlackTeamCountry "FRA"]

1. d4 Nf6 2. c4 e6 3. Nc3 Bb4 4. Qc2 O-O 5. a3 Bxc3+ 6. Qxc3 d6 7. f3 Qe7 8. e4
e5 9. d5 a5 10. b3 Nh5 11. Ne2 f5 12. exf5 Bxf5 13. g4 Qh4+ 14. Kd1 Bg6 15.
gxh5 Bxh5 16. Be3 Bxf3 17. Rg1 Nd7 18. Qe1 Qe4 19. Kd2 Nc5 20. Bxc5 dxc5 21.
Qg3 Rf7 22. Re1 a4 23. Bh3 Re7 24. Be6+ Kh8 25. Qg5 Bxe2 26. Rxe2 Qd4+ 27. Ke1
Rf8 28. Qe3 1/2-1/2

[Event "Condom op 10th"]
[Site "Condom"]
[Date "2010.??.??"]
[Round "6.10"]
[White "Houriez, Clement"]
[Black "Muratet, Lucas"]
[Result "1-0"]
[WhiteElo "2259"]
[BlackElo "1958"]
[PlyCount "81"]
[EventDate "2010.07.??"]
[EventType "swiss"]
[EventRounds "9"]
[EventCountry "FRA"]
[WhiteTeamCountry "FRA"]
[BlackTeamCountry "FRA"]

1. d4 Nf6 2. c4 c5 3. d5 e6 4. Nc3 exd5 5. cxd5 d6 6. Nf3 g6 7. Bf4 a6 8. a4
Bg7 9. e4 O-O 10. Be2 Bg4 11. O-O Bxf3 12. Bxf3 Qe7 13. Re1 Nbd7 14. Qd2 Ne5
15. Be2 Rac8 16. a5 c4 17. Bg5 Qc7 18. Be3 Nfd7 19. f4 Nd3 20. Bxd3 cxd3 21.
Qxd3 Qc4 22. Qxc4 Rxc4 23. Bf2 Rxc3 24. bxc3 Bxc3 25. Rab1 Bxe1 26. Rxe1 Re8
27. Bd4 f6 28. Kf2 Rc8 29. Rb1 Rc7 30. Ke3 Kf7 31. g4 g5 32. h4 gxf4+ 33. Kxf4
Ne5 34. Bxe5 fxe5+ 35. Kf5 Re7 36. Rb6 Rd7 37. g5 Ke7 38. h5 Kf7 39. h6 Ke7 40.
g6 hxg6+ 41. Kxg6 1-0

[Event "Condom op 10th"]
[Site "Condom"]
[Date "2010.??.??"]
[Round "5.7"]
[White "Houriez, Clement"]
[Black "Ouerk, Yanis"]
[Result "0-1"]
[WhiteElo "2259"]
[BlackElo "2115"]
[PlyCount "64"]
[EventDate "2010.07.??"]
[EventType "swiss"]
[EventRounds "9"]
[EventCountry "FRA"]
[WhiteTeamCountry "FRA"]
[BlackTeamCountry "FRA"]

1. d4 Nf6 2. c4 g6 3. Nc3 Bg7 4. e4 d6 5. Nf3 O-O 6. Be2 e5 7. O-O Nc6 8. d5
Ne7 9. Nd2 Ne8 10. b4 f5 11. c5 Nf6 12. f3 f4 13. Nc4 g5 14. a4 Ng6 15. Ba3 Rf7
16. b5 dxc5 17. Bxc5 h5 18. a5 g4 19. b6 g3 20. h3 Bxh3 21. gxh3 Qd7 22. Qd2
Qxh3 23. Bd3 Nh4 24. Nxe5 Ng4 25. Nxf7 Nf2 26. Rxf2 gxf2+ 27. Qxf2 Nxf3+ 28.
Qxf3 Qxf3 29. bxc7 Qxd3 30. d6 Qxc3 31. d7 Qxc5+ 32. Kg2 Qxc7 0-1

[Event "Open International d'Ambès 2010"]
[Site "Ambes"]
[Date "2010.??.??"]
[Round "2.10"]
[White "Hui Bon Hoa, Edmond"]
[Black "Kirk, Ezra"]
[Result "0-1"]
[WhiteElo "1792"]
[BlackElo "1970"]
[PlyCount "61"]
[EventDate "2010.04.??"]
[EventType "swiss"]
[EventRounds "9"]
[EventCountry "FRA"]
[WhiteTeamCountry "FRA"]
[BlackTeamCountry "FRA"]

1. e4 c5 2. Nf3 Nc6 3. d4 cxd4 4. Nxd4 g6 5. c4 Bg7 6. Be3 Nf6 7. Nc3 d6 8. Be2
O-O 9. O-O Nxd4 10. Bxd4 Be6 11. Rc1 Qa5 12. b3 Rfc8 13. Bf3 Rab8 14. Re1 Nd7
15. Bxg7 Kxg7 16. Nd5 Bxd5 17. exd5 Ne5 18. g3 a6 19. Ra1 Qxe1+ 20. Qxe1 Nxf3+
21. Kg2 Nxe1+ 22. Rxe1 b5 23. Rxe7 bxc4 24. bxc4 Rxc4 25. Rd7 Rb6 26. a3 Rc2
27. a4 h5 28. a5 Rbb2 29. Rxd6 Rxf2+ 30. Kg1 Rfd2 31. Rxa6 0-1

[Event "FRA T U 20"]
[Site "Mulhouse"]
[Date "2010.??.??"]
[Round "1.2"]
[White "Ider, Borya"]
[Black "Eden, James"]
[Result "1-0"]
[WhiteElo "2276"]
[BlackElo "1996"]
[PlyCount "71"]
[EventDate "2010.??.??"]
[EventType "match"]
[EventCountry "FRA"]
[WhiteTeamCountry "FRA"]
[BlackTeamCountry "FRA"]

1. d4 f5 2. g3 Nf6 3. Bg2 g6 4. c3 Bg7 5. Qb3 Nc6 6. Nf3 e6 7. Nbd2 O-O 8. O-O
d6 9. Ng5 Qe7 10. e4 h6 11. Nh3 Kh7 12. exf5 exf5 13. Nf3 g5 14. Re1 Qd8 15. d5
Ne5 16. Nd4 Ne4 17. Qc2 Ng6 18. f4 Bf6 19. Nxf5 Bxf5 20. Bxe4 Bxh3 21. Bxg6+
Kg7 22. Bh5 Kh8 23. f5 Bxf5 24. Qg2 Be5 25. Be3 Qd7 26. g4 Bd3 27. Qd2 Qh7 28.
Rad1 Be4 29. Bd4 Rf4 30. Bxe5+ dxe5 31. d6 Bf3 32. d7 Rd8 33. Rxe5 Rff8 34. Qd4
Kg8 35. Re6 Rf4 36. Re8+ 1-0

[Event "FRA T U 20"]
[Site "Mulhouse"]
[Date "2010.??.??"]
[Round "2.1"]
[White "Ider, Borya"]
[Black "Lagarde, Maxime"]
[Result "1/2-1/2"]
[WhiteElo "2276"]
[BlackElo "2393"]
[PlyCount "79"]
[EventDate "2010.??.??"]
[EventType "match"]
[EventCountry "FRA"]
[WhiteTeamCountry "FRA"]
[BlackTeamCountry "FRA"]

1. Nf3 Nf6 2. c4 g6 3. g3 Bg7 4. Bg2 O-O 5. O-O d6 6. d4 Nc6 7. Nc3 a6 8. Re1
Rb8 9. Rb1 Na5 10. Qd3 b5 11. cxb5 axb5 12. b4 Nc4 13. Nd2 d5 14. Nxc4 Bf5 15.
e4 bxc4 16. Qc2 dxe4 17. Be3 Qd7 18. Na4 e5 19. dxe5 Ng4 20. Nc5 Qc6 21. Qxc4
Nxe5 22. Qf1 Nf3+ 23. Bxf3 exf3 24. Rbc1 Bb2 25. Na6 Bxc1 26. Nxb8 Rxb8 27.
Rxc1 Qd7 28. Qc4 Be6 29. Qxc7 Qxc7 30. Rxc7 Rxb4 31. h4 Kg7 32. Bd2 Ra4 33. Rc2
Kf6 34. Rc3 Rxa2 35. Rxf3+ Ke5 36. Bc3+ Kd5 37. Re3 Kc4 38. Bf6 Rc2 39. Re1 h5
40. Bg5 1/2-1/2

[Event "Mulhouse 2010 - IM"]
[Site "Mulhouse"]
[Date "2010.??.??"]
[Round "6.4"]
[White "Ider, Borya"]
[Black "Nass, Emile"]
[Result "0-1"]
[WhiteElo "2284"]
[BlackElo "2247"]
[PlyCount "54"]
[EventDate "2010.07.??"]
[EventType "tourn"]
[EventCountry "FRA"]
[EventCategory "4"]
[WhiteTeamCountry "FRA"]
[BlackTeamCountry "FRA"]

1. d4 Nf6 2. Nf3 d5 3. c4 e6 4. g3 dxc4 5. Qa4+ c6 6. Qxc4 b5 7. Qc2 Bb7 8. Bg2
Nbd7 9. Nbd2 Rc8 10. a4 a6 11. O-O c5 12. axb5 axb5 13. dxc5 Bxc5 14. Qd3 Qb6
15. Nb3 Be4 16. Qd2 O-O 17. Qa5 Qb7 18. Nxc5 Nxc5 19. Qa7 Nb3 20. Qxb7 Bxb7 21.
Rb1 Be4 22. Bf4 Bxb1 23. Rxb1 Nd5 24. Be5 Rfd8 25. Nd4 Nxd4 26. Bxd4 Nf4 27. e3
Ne2+ 0-1

[Event "Mulhouse 2010 - IM"]
[Site "Mulhouse"]
[Date "2010.??.??"]
[Round "4.5"]
[White "Ider, Borya"]
[Black "Riff, Vincent"]
[Result "1/2-1/2"]
[WhiteElo "2284"]
[BlackElo "2332"]
[PlyCount "20"]
[EventDate "2010.07.??"]
[EventType "tourn"]
[EventCountry "FRA"]
[EventCategory "4"]
[WhiteTeamCountry "FRA"]
[BlackTeamCountry "FRA"]

1. d4 Nf6 2. c4 e6 3. Nf3 b6 4. g3 Bb7 5. Bg2 Be7 6. O-O O-O 7. Nc3 Ne4 8. Nxe4
Bxe4 9. Ne1 Bxg2 10. Nxg2 d6 1/2-1/2

[Event "Mulhouse 2010 - IM"]
[Site "Mulhouse"]
[Date "2010.??.??"]
[Round "8.3"]
[White "Ider, Borya"]
[Black "Sanduleac, Vasile"]
[Result "1-0"]
[WhiteElo "2284"]
[BlackElo "2457"]
[PlyCount "205"]
[EventDate "2010.07.??"]
[EventType "tourn"]
[EventCountry "FRA"]
[EventCategory "4"]
[WhiteTeamCountry "FRA"]
[BlackTeamCountry "FRA"]

1. d4 d6 2. g3 e5 3. dxe5 dxe5 4. Qxd8+ Kxd8 5. Bg2 Nc6 6. Bxc6 bxc6 7. e4 Nf6
8. Nc3 Bb4 9. f3 Bxc3+ 10. bxc3 Be6 11. Be3 Ne8 12. Ne2 Nd6 13. Nc1 f6 14. Nd3
Ke7 15. Ke2 Rab8 16. Rhb1 Rxb1 17. Rxb1 Nb5 18. Kd2 Bxa2 19. Ra1 Be6 20. Ra6
Bc8 21. Rxc6 Bb7 22. Rc5 c6 23. Rc4 a6 24. Ra4 Bc8 25. c4 Nc7 26. Kc3 Ne6 27.
Ra5 Bb7 28. Nc5 Nxc5 29. Bxc5+ Kf7 30. Bb6 Re8 31. Ra1 Re7 32. Rd1 Bc8 33. Rd6
Re6 34. Rd8 Re8 35. Rd2 Be6 36. Rd6 Rc8 37. Kb4 c5+ 38. Bxc5 a5+ 39. Kb5 a4 40.
Ra6 Bh3 41. Ra7+ Kg8 42. Bd6 Bg2 43. Rxa4 Bxf3 44. c5 Kf7 45. Kb6 Ke6 46. Bc7
Re8 47. c6 g6 48. Kc5 f5 49. exf5+ Kxf5 50. Bd6 e4 51. c7 Ke6 52. Bf4 Kd7 53.
Rd4+ Kc8 54. Kd6 e3 55. Bxe3 Rxe3 56. Rf4 Bc6 57. Kxc6 Re6+ 58. Kd5 Re7 59. Rc4
Re2 60. h4 h5 61. Rc3 Rf2 62. Rc6 g5 63. hxg5 Rf5+ 64. Ke4 Rxg5 65. Kf4 Rg4+
66. Kf3 Rg5 67. Rc4 Re5 68. Kg2 Re7 69. Rc5 Rg7 70. Kh3 Rg8 71. Rxh5 Kxc7 72.
Rd5 Kc6 73. Rd3 Rh8+ 74. Kg4 Kc5 75. Kf5 Rf8+ 76. Ke6 Rg8 77. Kf6 Kc4 78. Kf5
Rf8+ 79. Ke4 Re8+ 80. Kf3 Rf8+ 81. Kg2 Rg8 82. Rf3 Kd4 83. Rf4+ Ke5 84. c4 Ra8
85. Kf3 Ra3+ 86. Kg4 Rc3 87. Kh4 Ra3 88. Rf1 Rc3 89. g4 Rxc4 90. Kh5 Rc8 91. g5
Rh8+ 92. Kg6 Rg8+ 93. Kh6 Rh8+ 94. Kg7 Rh2 95. g6 Ke6 96. Kg8 Ke7 97. g7 Rh3
98. Re1+ Kd7 99. Re4 Rh2 100. Kf7 Rf2+ 101. Kg6 Rg2+ 102. Kf6 Rg1 103. Re5 1-0

[Event "Mulhouse 2010 - IM"]
[Site "Mulhouse"]
[Date "2010.??.??"]
[Round "2.5"]
[White "Ider, Borya"]
[Black "Tiemann, Christoph"]
[Result "1-0"]
[WhiteElo "2284"]
[BlackElo "2281"]
[PlyCount "81"]
[EventDate "2010.07.??"]
[EventType "tourn"]
[EventCountry "FRA"]
[EventCategory "4"]
[WhiteTeamCountry "FRA"]
[BlackTeamCountry "FRA"]

1. d4 Nf6 2. c4 g6 3. Nc3 d5 4. cxd5 Nxd5 5. Bd2 Bg7 6. e4 Nb6 7. Be3 O-O 8. h3
e5 9. Nf3 exd4 10. Bxd4 Nc6 11. Bxg7 Kxg7 12. Bb5 Bd7 13. O-O a6 14. Bxc6 Bxc6
15. Ne5 Qf6 16. Ng4 Qe6 17. Qd4+ f6 18. Qe3 Nc4 19. Qh6+ Kg8 20. f4 Bxe4 21.
Nxe4 Qxe4 22. f5 Ne5 23. fxg6 Qxg6 24. Nxf6+ Kh8 25. Qe3 Rxf6 26. Qxe5 Raf8 27.
Rae1 Qg7 28. Rxf6 Qxf6 29. Qxf6+ Rxf6 30. Re8+ Kg7 31. Re7+ Rf7 32. Rxf7+ Kxf7
33. Kf2 c5 34. Kf3 h5 35. g4 hxg4+ 36. Kxg4 Kg6 37. Kf4 c4 38. Ke4 b5 39. Kd5
Kh5 40. a4 bxa4 41. Kxc4 1-0

[Event "2eme Open Tarn Nord"]
[Site "Blaye les Mines"]
[Date "2010.??.??"]
[Round "2.6"]
[White "Imhoff, Francois"]
[Black "Arlabosse, Nicolas"]
[Result "0-1"]
[WhiteElo "1440"]
[BlackElo "1884"]
[PlyCount "86"]
[EventDate "2006.??.??"]
[EventType "swiss"]
[EventRounds "7"]
[EventCountry "FRA"]
[WhiteTeamCountry "FRA"]
[BlackTeamCountry "FRA"]

1. e4 c5 2. Nf3 d6 3. Nc3 Nc6 4. h3 g6 5. d4 cxd4 6. Nxd4 Bg7 7. Be3 Nf6 8.
Nxc6 bxc6 9. e5 dxe5 10. Qxd8+ Kxd8 11. Bc4 Rf8 12. O-O Nd7 13. Ne4 h6 14. Rad1
Kc7 15. c3 Nb6 16. Bxb6+ axb6 17. a3 f5 18. Nd2 Ba6 19. Rfe1 Rfd8 20. Bf7 Rd6
21. Nf3 g5 22. Rd2 Rad8 23. Rxd6 exd6 24. Be6 Bd3 25. Rd1 Re8 26. Bf7 Re7 27.
Bg6 Re6 28. Bh7 Be4 29. Nd2 Bc2 30. Rc1 Bd3 31. g4 Rf6 32. Kg2 d5 33. Nf3 fxg4
34. Bxd3 gxh3+ 35. Kg3 e4 36. Bxe4 dxe4 37. Ng1 h2 38. Ne2 Bf8 39. Rf1 Bd6+ 40.
Kg2 h5 41. Ng3 e3 42. Ne4 Rf4 43. Ng3 Rxf2+ 0-1

[Event "Open International d'Ambès 2010"]
[Site "Ambes"]
[Date "2010.??.??"]
[Round "5.17"]
[White "Jacquot, David"]
[Black "Font, Bernard"]
[Result "1-0"]
[WhiteElo "1945"]
[BlackElo "1762"]
[PlyCount "67"]
[EventDate "2010.04.??"]
[EventType "swiss"]
[EventRounds "9"]
[EventCountry "FRA"]
[WhiteTeamCountry "FRA"]
[BlackTeamCountry "FRA"]

1. d4 d5 2. Nf3 Nf6 3. Bg5 e6 4. Nbd2 Be7 5. e3 Nbd7 6. Bd3 O-O 7. c3 c6 8. Qe2
Re8 9. Bf4 c5 10. O-O c4 11. Bc2 b5 12. e4 Nf8 13. e5 N6d7 14. h3 f5 15. exf6
Nxf6 16. Ne5 Bd6 17. Bg5 Bb7 18. f4 Be7 19. Qf2 Ne4 20. Nxe4 dxe4 21. Bxe7 Qxe7
22. Qe3 Bd5 23. Bxe4 Qb7 24. Bxd5 exd5 25. Qf3 Re6 26. b3 Rb6 27. b4 Ne6 28.
Qg4 Rf8 29. g3 Rd6 30. a4 a6 31. axb5 axb5 32. Ra5 Ra6 33. Rfa1 Rxa5 34. Qxe6+
1-0

[Event "Open International d'Ambès 2010"]
[Site "Ambes"]
[Date "2010.??.??"]
[Round "3.14"]
[White "Jacquot, David"]
[Black "Hui Bon Hoa, Edmond"]
[Result "1-0"]
[WhiteElo "1945"]
[BlackElo "1792"]
[PlyCount "55"]
[EventDate "2010.04.??"]
[EventType "swiss"]
[EventRounds "9"]
[EventCountry "FRA"]
[WhiteTeamCountry "FRA"]
[BlackTeamCountry "FRA"]

1. d4 Nf6 2. Nf3 d5 3. Bg5 Ne4 4. Bf4 g6 5. Nbd2 Bg7 6. e3 Bg4 7. Be2 Nxd2 8.
Qxd2 O-O 9. h3 Bxf3 10. Bxf3 c6 11. O-O Nd7 12. Qb4 Nb6 13. a4 a5 14. Qb3 Re8
15. c3 c5 16. Bg3 Ra7 17. Rfd1 cxd4 18. cxd4 Nd7 19. Rac1 Qb6 20. Qc2 Nf6 21.
Bd6 Bf8 22. Be5 Nd7 23. Bf4 Nf6 24. Rd3 Qd8 25. Bg5 h6 26. Bh4 g5 27. Bg3 Ne4
28. Be5 1-0

[Event "Open International d'Ambès 2010"]
[Site "Ambes"]
[Date "2010.??.??"]
[Round "7.27"]
[White "Jourdain, Christian"]
[Black "Guenin, Pierre"]
[Result "0-1"]
[WhiteElo "1499"]
[BlackElo "1664"]
[PlyCount "56"]
[EventDate "2010.04.??"]
[EventType "swiss"]
[EventRounds "9"]
[EventCountry "FRA"]
[WhiteTeamCountry "FRA"]
[BlackTeamCountry "FRA"]

1. d4 f5 2. c4 Nf6 3. Nc3 c6 4. Bg5 g6 5. Nf3 Bg7 6. e3 d6 7. Bd3 Nbd7 8. Qb3
O-O 9. Rc1 Kh8 10. O-O a6 11. Rfe1 Re8 12. Qc2 e5 13. e4 f4 14. d5 c5 15. b3 h6
16. Bxf6 Nxf6 17. Qd1 Bg4 18. Be2 Bh5 19. h3 g5 20. Nxg5 hxg5 21. Bxh5 Nxh5 22.
Qxh5+ Kg8 23. g3 Qf6 24. Kg2 Rf8 25. f3 fxg3 26. Ra1 Rf7 27. Qg4 Rd8 28. Kxg3
Rdf8 0-1

[Event "Open International d'Ambès 2010"]
[Site "Ambes"]
[Date "2010.??.??"]
[Round "5.13"]
[White "Jund, Christian"]
[Black "Banana, Adnanne"]
[Result "0-1"]
[WhiteElo "1969"]
[BlackElo "1717"]
[PlyCount "62"]
[EventDate "2010.04.??"]
[EventType "swiss"]
[EventRounds "9"]
[EventCountry "FRA"]
[WhiteTeamCountry "FRA"]
[BlackTeamCountry "FRA"]

1. c4 e5 2. Nc3 Nc6 3. g3 Nf6 4. Bg2 Bc5 5. d3 O-O 6. Nf3 d6 7. O-O h6 8. a3 a5
9. Rb1 Be6 10. Bd2 Qc8 11. Na4 Ba7 12. b4 axb4 13. axb4 e4 14. Ne1 Bh3 15. b5
Bxg2 16. Kxg2 Ne5 17. b6 cxb6 18. Nxb6 Qc6 19. Qa4 Rfb8 20. Qxc6 bxc6 21. Nxa8
Rxb1 22. Bc3 Ne8 23. Ba5 Rb2 24. Nc7 Nxc7 25. Bxc7 Rxe2 26. dxe4 Nxc4 27. Kf3
Ra2 28. Rh1 Rxf2+ 29. Kg4 Rb2 30. Nd3 Rb7 31. Rc1 Ne3+ 0-1

[Event "Open International d'Ambès 2010"]
[Site "Ambes"]
[Date "2010.??.??"]
[Round "7.18"]
[White "Jund, Christian"]
[Black "Dubertrand, Bernard"]
[Result "1-0"]
[WhiteElo "1969"]
[BlackElo "1647"]
[PlyCount "83"]
[EventDate "2010.04.??"]
[EventType "swiss"]
[EventRounds "9"]
[EventCountry "FRA"]
[WhiteTeamCountry "FRA"]
[BlackTeamCountry "FRA"]

1. c4 e5 2. Nc3 Nc6 3. g3 f5 4. d3 Nf6 5. Bg2 Be7 6. Nf3 O-O 7. O-O d6 8. Rb1
Rb8 9. b4 a6 10. a4 Nd4 11. Nxd4 exd4 12. Nd5 Nxd5 13. Bxd5+ Kh8 14. b5 b6 15.
Bd2 a5 16. e3 Bf6 17. Qf3 Be5 18. Rbe1 Qf6 19. Qg2 Qh6 20. exd4 Qxd2 21. dxe5
dxe5 22. Rxe5 Bd7 23. Re7 Rbd8 24. Qf3 Qb4 25. Qe3 Rde8 26. Re1 h6 27. Qe5 Rxe7
28. Qxe7 Qxe7 29. Rxe7 Rd8 30. f4 Kh7 31. Kf2 Kg6 32. h4 Kf6 33. Rf7+ Kg6 34.
h5+ Kh7 35. Re7 Be8 36. Rxc7 Bxh5 37. Rc6 Rb8 38. Bf3 Bf7 39. d4 Be8 40. d5
Bxc6 41. bxc6 Kg6 42. c7 1-0

[Event "Open International d'Ambès 2010"]
[Site "Ambes"]
[Date "2010.??.??"]
[Round "2.6"]
[White "Jund, Christian"]
[Black "Masset, Jacques"]
[Result "0-1"]
[WhiteElo "1969"]
[BlackElo "1963"]
[PlyCount "46"]
[EventDate "2010.04.??"]
[EventType "swiss"]
[EventRounds "9"]
[EventCountry "FRA"]
[WhiteTeamCountry "FRA"]
[BlackTeamCountry "FRA"]

1. c4 e5 2. Nc3 Nf6 3. g3 c6 4. Nf3 e4 5. Ng5 d5 6. cxd5 cxd5 7. d3 h6 8. Nh3
Nc6 9. Bg2 exd3 10. Qxd3 Nb4 11. Qb1 d4 12. Ne4 d3 13. Nxf6+ Qxf6 14. exd3 Bf5
15. Nf4 Rd8 16. Be4 Bxe4 17. dxe4 g5 18. Nd5 Nxd5 19. exd5 Bb4+ 20. Kf1 Qf3 21.
Rg1 Rxd5 22. Be3 O-O 23. Qc2 Rfd8 0-1

[Event "FRA T U 20"]
[Site "Mulhouse"]
[Date "2010.??.??"]
[Round "3.3"]
[White "Kambrath, Yannick"]
[Black "Bayart, Jules"]
[Result "1-0"]
[WhiteElo "1890"]
[BlackElo "1835"]
[PlyCount "99"]
[EventDate "2010.??.??"]
[EventType "match"]
[EventCountry "FRA"]
[WhiteTeamCountry "FRA"]
[BlackTeamCountry "FRA"]

1. d4 e6 2. c4 f5 3. g3 Nf6 4. Bg2 c6 5. Nc3 d5 6. Nh3 Be7 7. O-O O-O 8. Nf4
Na6 9. b3 Nc7 10. e3 Qe8 11. Nd3 Ne4 12. Nb1 Bf6 13. Ba3 Rf7 14. f3 Bg5 15. Qe2
Nf6 16. Ne5 Nd7 17. Nxf7 Qxf7 18. Bb2 b5 19. e4 Ba6 20. Nc3 bxc4 21. b4 Nb5 22.
Rad1 Re8 23. Rfe1 Rf8 24. exd5 exd5 25. Qe6 Nxc3 26. Bxc3 Bb5 27. Re2 Nb6 28.
h4 Bf6 29. Bh3 g6 30. Qe3 Na4 31. Rde1 Qg7 32. Rd2 Qc7 33. Kf2 Nxc3 34. Qxc3 f4
35. Rde2 Qg7 36. Rd1 Ba4 37. Rdd2 Bb5 38. Kg2 Qh6 39. Re6 Kh8 40. Rde2 fxg3 41.
Re8 Qg7 42. Qe1 c5 43. Rxf8+ Qxf8 44. dxc5 Bd4 45. Re7 Bg7 46. Bd7 Bxd7 47.
Rxd7 d4 48. Re7 Qf6 49. c6 d3 50. c7 1-0

[Event "Open International d'Ambès 2010"]
[Site "Ambes"]
[Date "2010.??.??"]
[Round "5.11"]
[White "Kirk, Ezra"]
[Black "Pellegrin, Guy"]
[Result "1-0"]
[WhiteElo "1970"]
[BlackElo "1840"]
[PlyCount "83"]
[EventDate "2010.04.??"]
[EventType "swiss"]
[EventRounds "9"]
[EventCountry "FRA"]
[WhiteTeamCountry "FRA"]
[BlackTeamCountry "FRA"]

1. d4 Nf6 2. c4 g6 3. Nc3 d5 4. cxd5 Nxd5 5. e4 Nxc3 6. bxc3 Bg7 7. Bc4 O-O 8.
Be3 c5 9. Ne2 Nc6 10. O-O Na5 11. Bd3 cxd4 12. cxd4 b6 13. Rc1 Bb7 14. Qa4 Rc8
15. f3 Bc6 16. Qa3 Qd7 17. Qb4 e6 18. e5 Rfd8 19. Rfd1 Bf8 20. Qe1 Ba4 21. Rxc8
Rxc8 22. Rc1 Rxc1 23. Qxc1 Qc6 24. Qe1 Bc2 25. Bxc2 Qxc2 26. Ng3 Nc4 27. Bg5
Qb2 28. Qf2 Qxf2+ 29. Kxf2 Ba3 30. Ke2 Kf8 31. Ne4 h5 32. g4 hxg4 33. fxg4 Na5
34. h4 Nc6 35. Kd3 Ne7 36. h5 gxh5 37. gxh5 Kg7 38. Nd6 Nf5 39. Nxf5+ exf5 40.
d5 Bb2 41. Bf6+ Kh6 42. d6 1-0

[Event "Open International d'Ambès 2010"]
[Site "Ambes"]
[Date "2010.??.??"]
[Round "2.13"]
[White "L'Hospital, Philippe"]
[Black "Curely, Etienne"]
[Result "1/2-1/2"]
[WhiteElo "1891"]
[BlackElo "1793"]
[PlyCount "58"]
[EventDate "2010.04.??"]
[EventType "swiss"]
[EventRounds "9"]
[EventCountry "FRA"]
[WhiteTeamCountry "FRA"]
[BlackTeamCountry "FRA"]

1. d4 d5 2. Nf3 Nf6 3. e3 c6 4. Bd3 Bg4 5. Nbd2 Nbd7 6. O-O e5 7. dxe5 Nxe5 8.
Be2 Nxf3+ 9. Nxf3 Qc7 10. b3 Bd6 11. h3 h5 12. Bb2 O-O-O 13. Re1 Ne4 14. Kf1
Bxf3 15. Bxf3 Bb4 16. Kg1 Bxe1 17. Qxe1 Ng5 18. Be2 f6 19. c4 dxc4 20. Bxc4
Rhe8 21. Qe2 Rh8 22. Qc2 Qa5 23. Bc3 Qc7 24. a4 Rd6 25. Bb4 c5 26. Qf5+ Kb8 27.
Bxc5 Rc6 28. Ba3 Nf7 29. Bd5 Rc3 1/2-1/2

[Event "Condom op 10th"]
[Site "Condom"]
[Date "2010.??.??"]
[Round "1.9"]
[White "Labarrere, Daniel"]
[Black "Preux, Paul Olivier"]
[Result "0-1"]
[WhiteElo "1856"]
[BlackElo "2301"]
[PlyCount "60"]
[EventDate "2010.07.??"]
[EventType "swiss"]
[EventRounds "9"]
[EventCountry "FRA"]
[WhiteTeamCountry "FRA"]
[BlackTeamCountry "FRA"]

1. d4 Nf6 2. Nf3 e6 3. e3 c5 4. Bd3 d5 5. c3 Nc6 6. Nbd2 Bd6 7. O-O O-O 8. dxc5
Bxc5 9. e4 e5 10. exd5 Nxd5 11. Ne4 Be7 12. Bc4 Nb6 13. Be2 Bf5 14. Ng3 Bg6 15.
Qxd8 Raxd8 16. Be3 Nd5 17. Bg5 f6 18. Bc1 Rfe8 19. Nh4 Bf7 20. Nhf5 Bf8 21. Ne3
Nf4 22. Bc4 Bxc4 23. Nxc4 b5 24. Nd2 g6 25. Nf3 f5 26. Kh1 Nd3 27. Ne1 Nxc1 28.
Rxc1 Rd2 29. Rb1 e4 30. b4 f4 0-1

[Event "Condom op 10th"]
[Site "Condom"]
[Date "2010.??.??"]
[Round "2.2"]
[White "Lacroix, Romain"]
[Black "Cornette, Matthieu"]
[Result "0-1"]
[WhiteElo "2157"]
[BlackElo "2543"]
[PlyCount "76"]
[EventDate "2010.07.??"]
[EventType "swiss"]
[EventRounds "9"]
[EventCountry "FRA"]
[WhiteTeamCountry "FRA"]
[BlackTeamCountry "FRA"]

1. e4 c5 2. Nf3 Nc6 3. Bb5 Nf6 4. e5 Nd5 5. O-O Nc7 6. Bxc6 dxc6 7. Nc3 Bg4 8.
Qe2 Ne6 9. Qe4 Bxf3 10. Qxf3 g6 11. d3 Bg7 12. Re1 O-O 13. Bf4 f5 14. Qe3 g5
15. Bxg5 f4 16. Bxf4 Rxf4 17. Ne4 Rf5 18. Nxc5 Nxc5 19. Qxc5 e6 20. Qc4 Qe7 21.
f4 h5 22. g3 Kh8 23. Re3 Bh6 24. Rf1 Rg8 25. Rff3 h4 26. Kf2 hxg3+ 27. hxg3 Rh5
28. Ke2 Rh2+ 29. Rf2 Rxf2+ 30. Kxf2 Bxf4 31. Rf3 Bxe5 32. Re3 Qg5 33. Qxe6 Rf8+
34. Ke2 Bxg3 35. Qh3+ Bh4 36. d4 Kg7 37. Re4 Rf2+ 38. Kd3 Qd2+ 0-1

[Event "FRA T U 20"]
[Site "Mulhouse"]
[Date "2010.??.??"]
[Round "3.1"]
[White "Lagarde, Maxime"]
[Black "Brunier, Jules"]
[Result "1-0"]
[WhiteElo "2393"]
[BlackElo "2004"]
[PlyCount "73"]
[EventDate "2010.??.??"]
[EventType "match"]
[EventCountry "FRA"]
[WhiteTeamCountry "FRA"]
[BlackTeamCountry "FRA"]

1. e4 e6 2. d4 d5 3. Nc3 Nf6 4. Bg5 Bb4 5. e5 h6 6. Be3 Ne4 7. Qg4 g6 8. a3
Bxc3+ 9. bxc3 h5 10. Qf3 c5 11. Bb5+ Nc6 12. Ne2 Bd7 13. Bd3 cxd4 14. cxd4 Ne7
15. O-O Nf5 16. c4 Bc6 17. cxd5 exd5 18. Ng3 Nh4 19. Qe2 Qe7 20. Rac1 Qe6 21.
Nxe4 dxe4 22. Bc4 Bd5 23. Bxd5 Qxd5 24. Rc5 Qd7 25. Rd1 Nf5 26. Bg5 O-O 27.
Qxe4 Rac8 28. Rxc8 Rxc8 29. d5 Re8 30. h3 Nd6 31. Qf4 Nf5 32. Bf6 Kh7 33. d6
Ng7 34. g4 Rc8 35. Bxg7 Kxg7 36. Qf6+ Kg8 37. e6 1-0

[Event "Condom op 10th"]
[Site "Condom"]
[Date "2010.??.??"]
[Round "1.39"]
[White "Lagarrigue, Remy"]
[Black "Gelin, Baptiste"]
[Result "0-1"]
[WhiteElo "1490"]
[BlackElo "1919"]
[PlyCount "55"]
[EventDate "2010.07.??"]
[EventType "swiss"]
[EventRounds "9"]
[EventCountry "FRA"]
[WhiteTeamCountry "FRA"]
[BlackTeamCountry "FRA"]

1. e4 e5 2. Nf3 Nc6 3. Bb5 a6 4. Ba4 Nf6 5. O-O b5 6. Bb3 Bb7 7. Ng5 d5 8. exd5
Nd4 9. d6 Nxb3 10. dxc7 Qd5 11. Nf3 Nxa1 12. Nc3 Qc6 13. Re1 Bd6 14. d4 e4 15.
d5 Qxc7 16. Nxe4 O-O-O 17. Nxf6 gxf6 18. Re3 Bxd5 19. Rc3 Bc4 20. Bd2 Bf4 21.
b3 Bxd2 22. Nxd2 Qe5 23. Re3 Qd4 24. bxc4 Qxd2 25. Qxa1 Qd1+ 26. Re1 Qxa1 27.
Rxa1 bxc4 28. Rb1 0-1